Statistics for Countries with the highest IQ

Click here to take the quiz!

General Stats

  • This quiz has been taken 24 times
  • The average score is 15 of 20

Answer Stats

IQCountry% Correct
105China
95%
108Hong Kong(China)
95%
106South Korea
95%
104Taiwan(China)
95%
99Canada
86%
105Japan
86%
100United Kingdom
86%
99Sweden
82%
102Italy
77%
100Netherlands
77%
100Norway
77%
108Singapore
77%
99Belgium
73%
101Iceland
73%
100Luxembourg
73%
101Switzerland
73%
99Finland
68%
100Austria
64%
99Estonia
45%
101Mongolia
27%

Score Distribution

Percentile by Number Answered

Percent of People with Each Score

Your Score History

You have not taken this quiz